Top 400 Highest Grossing Movies (2026) - Statistics

General Stats
  • This quiz has been taken 801 times
    314 since last reset
  • The average score is 151 of 400
Answer Stats
Hint Answer Gross % Correct
2009 Avatar $2,923,710,708
97%
2025 Avatar: Fire and Ash $1,238,556,827
97%
2022 Avatar: The Way of Water $2,334,484,620
97%
2019 Avengers: Endgame $2,799,439,100
95%
2018 Avengers: Infinity War $2,052,415,039
94%
2012 The Avengers $1,520,538,536
93%
1997 Titanic $2,264,812,968
92%
2015 Avengers: Age of Ultron $1,405,018,048
91%
2002 Spider-Man $810,923,968
88%
2004 Spider-Man 2 $785,388,262
88%
2007 Spider-Man 3 $887,404,761
88%
2023 Spider-Man: Across the Spider-Verse $690,824,738
88%
2019 Spider-Man: Far from Home $1,132,723,226
88%
2017 Spider-Man: Homecoming $880,978,185
88%
2018 Spider-Man: Into the Spider-Verse $394,884,133
88%
2021 Spider-Man: No Way Home $1,921,426,073
88%
2012 The Amazing Spider-Man $758,707,722
88%
2014 The Amazing Spider-Man 2 $716,934,779
88%
2008 Iron Man $585,796,247
87%
2010 Iron Man 2 $623,933,331
87%
2013 Iron Man 3 $1,215,577,205
87%
2016 Batman v Superman: Dawn of Justice $874,362,803
86%
1983 Star Wars: Episode VI - Return of the Jedi $482,466,382
86%
1980 Star Wars: Episode V - The Empire Strikes Back $550,016,086
86%
2016 Rogue One: A Star Wars Story $1,058,684,742
85%
2002 Star Wars: Episode II - Attack of the Clones $653,780,724
85%
2005 Star Wars: Episode III - Revenge of the Sith $905,595,947
85%
1999 Star Wars: Episode I - The Phantom Menace $1,046,515,409
85%
1977 Star Wars: Episode IV - A New Hope $775,398,507
85%
2019 Star Wars: Episode IX - The Rise of Skywalker $1,077,022,372
85%
2017 Star Wars: Episode VIII - The Last Jedi $1,334,407,706
85%
2015 Star Wars: Episode VII - The Force Awakens $2,071,310,218
85%
2022 The Batman $772,319,315
82%
1989 Batman $411,569,241
81%
2019 The Captain $417,863,545
80%
2014 Rio 2 $498,781,117
78%
1995 Toy Story $401,157,969
77%
1999 Toy Story 2 $497,375,381
77%
2010 Toy Story 3 $1,067,316,101
77%
2019 Toy Story 4 $1,073,841,394
77%
2023 Oppenheimer $975,811,333
76%
2023 Barbie $1,447,138,421
75%
2016 Captain America: Civil War $1,155,046,416
75%
2014 Captain America: The Winter Soldier $714,421,503
75%
2002 Harry Potter and the Chamber of Secrets $883,386,103
74%
2010 Harry Potter and the Deathly Hallows: Part 1 $960,858,478
74%
2011 Harry Potter and the Deathly Hallows: Part 2 $1,342,942,050
74%
2005 Harry Potter and the Goblet of Fire $900,430,234
74%
2009 Harry Potter and the Half-Blood Prince $941,056,063
74%
2007 Harry Potter and the Order of the Phoenix $942,872,838
74%
2004 Harry Potter and the Prisoner of Azkaban $810,556,919
74%
2001 Harry Potter and the Sorcerer's Stone $1,029,374,615
74%
2025 Captain America: Brave New World $414,991,632
73%
1993 Jurassic Park $1,103,096,466
73%
2025 Superman $616,823,803
73%
2018 Black Panther $1,349,926,083
71%
2022 Black Panther: Wakanda Forever $859,208,836
71%
2013 Oz the Great and Powerful $493,311,825
71%
2015 Inside Out $859,076,254
70%
2024 Inside Out 2 $1,698,863,816
70%
2022 Thor: Love and Thunder $760,928,081
70%
2017 Thor: Ragnarok $855,301,806
70%
2013 Thor: The Dark World $644,783,140
70%
1997 The Lost World: Jurassic Park $618,638,999
69%
2011 Thor $449,326,618
69%
2024 Deadpool & Wolverine $1,338,073,645
68%
2024 Mufasa: The Lion King $722,631,756
68%
2019 The Lion King $1,662,020,819
68%
1994 The Lion King $979,161,632
68%
2013 Fast & Furious 6 $788,683,342
67%
2019 Fast & Furious Presents: Hobbs & Shaw $760,732,926
67%
2016 Deadpool $782,837,347
63%
2018 Deadpool 2 $785,896,632
63%
2011 Fast Five $626,140,012
63%
2023 Fast X $704,875,015
63%
2013 Frozen $1,286,513,286
63%
2019 Frozen ll $1,453,683,476
63%
2016 X-Men: Apocalypse $543,934,105
63%
2019 Joker $1,078,958,629
61%
2014 Guardians of the Galaxy $773,350,376
60%
2003 X2: X-Men United $407,711,549
60%
2018 Ant-Man and the Wasp $622,674,139
59%
2023 Ant-Man and the Wasp: Quantumania $476,071,180
59%
2016 Doctor Strange $677,796,833
59%
2022 Top Gun: Maverick $1,495,696,292
59%
2008 WALL·E $527,403,656
59%
2014 X-Men: Days of Future Past $746,045,700
59%
2006 X-Men: The Last Stand $460,435,291
59%
2016 Zootopia $1,025,521,689
59%
2015 Ant-Man $519,311,965
58%
2017 Guardians of the Galaxy Vol. 2 $863,756,903
58%
2023 Guardians of the Galaxy Vol. 3 $845,555,777
58%
2018 Incredibles 2 $1,243,225,667
58%
2015 Jurassic World $1,671,537,444
58%
2022 Jurassic World Dominion $1,001,978,080
58%
2018 Jurassic World: Fallen Kingdom $1,308,566,455
58%
2025 Jurassic World: Rebirth $869,146,189
58%
2004 The Incredibles $631,688,498
58%
2014 Interstellar $773,813,533
57%
2019 Captain Marvel $1,131,416,446
55%
1996 Mission: Impossible $457,696,391
55%
2016 Moana $643,332,974
55%
2006 Cars $461,996,328
54%
2011 Cars 2 $559,853,036
54%
2023 Mission: Impossible - Dead Reckoning Part One $571,125,435
54%
2018 Mission: Impossible - Fallout $824,171,374
54%
2000 Mission: Impossible II $546,388,108
54%
2006 Mission: Impossible III $398,479,497
54%
2015 Mission: Impossible - Rogue Nation $710,916,403
54%
2024 Moana 2 $1,059,242,164
54%
2001 Shrek $488,977,919
54%
2017 Wonder Woman $823,970,682
54%
2017 Beauty and the Beast $1,266,115,964
53%
1991 Beauty and the Beast $451,291,298
53%
2003 Finding Nemo $941,637,960
53%
2010 Inception $839,786,473
53%
2015 Minions $1,159,457,503
53%
2004 Shrek 2 $932,530,034
53%
2010 Shrek Forever After $752,600,867
53%
2007 Shrek the Third $808,310,187
53%
2018 Aquaman $1,152,028,393
52%
2023 Aquaman and the Lost Kingdom $440,181,226
52%
2022 Minions: The Rise of Gru $940,482,695
52%
2007 Pirates of the Caribbean: At World's End $961,691,209
52%
2006 Pirates of the Caribbean: Dead Man's Chest $1,066,179,747
52%
2010 Despicable Me $544,174,973
51%
2008 Indiana Jones and the Kingdom of the Crystal Skull $786,636,033
51%
1989 Indiana Jones and the Last Crusade $474,171,806
51%
2007 Transformers $709,709,780
51%
2014 Transformers: Age of Extinction $1,105,261,713
51%
2011 Transformers: Dark of the Moon $1,123,794,079
51%
2009 Transformers: Revenge of the Fallen $836,304,167
51%
2023 Transformers: Rise of the Beasts $441,656,550
51%
2017 Transformers: The Last Knight $605,425,157
51%
2019 Aladdin $1,054,304,000
50%
1992 Aladdin $504,050,219
50%
2013 Despicable Me 2 $970,766,005
50%
2017 Despicable Me 3 $1,034,800,131
50%
2024 Despicable Me 4 $972,021,410
50%
2017 Pirates of the Caribbean: Dead Men Tell No Tales $795,922,298
50%
2011 Pirates of the Caribbean: On Stranger Tides $1,046,721,266
50%
2003 Pirates of the Caribbean: The Curse of the Black Pearl $654,264,546
50%
2009 Up $735,103,954
50%
1982 E.T. the Extra-Terrestrial $797,307,407
49%
2023 The Super Mario Bros. Movie $1,356,081,801
49%
2015 Furious 7 $1,515,342,457
47%
2017 The Fate of the Furious $1,236,009,236
47%
2017 Justice League $661,326,987
45%
2003 Terminator 3: Rise of the Machines $433,371,112
45%
2008 The Dark Knight $1,008,294,632
45%
2012 The Dark Knight Rises $1,085,199,115
45%
2013 The Wolverine $414,828,246
45%
2017 Jumanji: The Next Level $801,693,929
44%
2017 Jumanji: Welcome to the Jungle $962,544,585
44%
2021 Dune: Part One $410,668,018
43%
2024 Dune: Part Two $714,844,358
43%
1975 Jaws $490,736,300
43%
2002 The Lord of the Rings: The Two Towers $939,350,225
43%
2024 Wicked $758,789,723
43%
2012 Brave $538,983,207
42%
2017 Coco $823,285,838
42%
2021 Godzilla vs. Kong $470,116,094
42%
2024 Godzilla x Kong: The New Empire $571,850,016
42%
1991 Terminator 2: Judgment Day $517,778,573
42%
2015 Terminator Genisys $440,603,537
42%
2012 The Hobbit: An Unexpected Journey $1,017,107,150
42%
2014 The Hobbit: The Battle of the Five Armies $962,253,946
42%
2013 The Hobbit: The Desolation of Smaug $959,079,095
42%
2003 The Lord of the Rings: The Return of the King $1,140,558,597
42%
2025 A Minecraft Movie $958,287,780
41%
1985 Back to the Future $392,976,852
41%
1994 Forrest Gump $678,226,465
41%
2010 Tangled $591,806,017
41%
2022 Doctor Strange in the Multiverse of Madness $955,775,804
40%
2012 Snow White and the Huntsman $396,592,829
40%
2013 Star Trek Into Darkness $467,365,246
39%
2015 Cinderella $542,358,331
38%
2016 Finding Dory $1,029,266,989
38%
2017 It $719,766,009
38%
2019 It: Chapter Two $473,123,154
38%
2005 King Kong $556,906,378
38%
2017 Kong: Skull Island $568,652,812
38%
1990 Ghost $505,703,557
37%
2000 Gladiator $465,516,248
37%
2024 Gladiator II $462,180,717
37%
2014 Godzilla $524,978,362
37%
2025 How to Train Your Dragon $636,351,148
37%
2010 How to Train Your Dragon $494,879,860
37%
2006 Ice Age 2: The Meltdown $667,318,416
37%
2016 Ice Age: Collision Course $408,754,975
37%
2012 Ice Age: Continental Drift $877,244,782
37%
2009 Ice Age: Dawn of the Dinosaurs $886,686,817
37%
2001 Monsters, Inc. $579,770,299
37%
2013 Monsters University $743,559,645
37%
2012 Skyfall $1,108,594,137
37%
2023 The Little Mermaid $569,626,289
37%
2001 The Lord of the Rings: The Fellowship of the Ring $890,039,450
37%
2008 Kung Fu Panda $632,384,787
36%
2011 Kung Fu Panda 2 $665,692,281
36%
2016 Kung Fu Panda 3 $521,170,825
36%
2024 Kung Fu Panda 4 $547,689,492
36%
2019 Ne Zha $726,225,471
36%
2025 Ne Zha 2 $2,259,822,417
36%
2011 The Twilight Saga: Breaking Dawn - Part 1 $731,980,095
36%
2012 The Twilight Saga: Breaking Dawn - Part 2 $868,590,075
36%
2010 The Twilight Saga: Eclipse $760,627,618
36%
2009 The Twilight Saga: New Moon $712,135,229
36%
1996 Independence Day $817,400,891
35%
2007 Ratatouille $623,729,380
35%
2016 Suicide Squad $749,200,054
35%
2022 The Jungle Book $967,724,775
35%
2008 Twilight $399,980,740
35%
1939 Gone with the Wind $402,382,193
34%
1998 Saving Private Ryan $482,352,390
33%
2025 Lilo & Stitch $1,038,027,526
32%
2013 The Hunger Games: Catching Fire $865,011,746
32%
2014 The Hunger Games: Mockingjay - Part 1 $759,159,711
32%
2015 The Hunger Games: Mockingjay - Part 2 $664,905,155
32%
2012 Madagascar 3: Europe's Most Wanted $746,921,274
30%
2008 Madagascar: Escape 2 Africa $603,900,354
30%
2012 Men in Black³ $654,213,485
30%
1997 Men in Black $589,390,539
30%
2002 Men in Black II $445,135,288
30%
2015 Spectre $880,707,597
30%
2006 Casino Royale $616,585,752
29%
2012 Django Unchained $426,076,293
29%
1990 Home Alone $476,684,675
29%
2017 Logan $619,180,476
29%
2005 Madagascar $542,064,525
29%
2018 Venom $856,085,161
29%
2021 Venom: Let There Be Carnage $506,813,864
29%
2024 Venom: The Last Dance $478,937,618
29%
2010 Alice in Wonderland $1,025,468,216
27%
2018 Bohemian Rhapsody $910,813,521
27%
2021 Eternals $402,064,899
27%
2023 John Wick: Chapter 4 $447,142,521
27%
2016 La La Land $522,314,583
27%
2021 No Time to Die $774,153,007
27%
2021 Shang-Chi and the Legend of the Ten Rings $432,243,292
27%
2012 The Hunger Games $695,220,619
27%
2015 The Martian $630,621,406
27%
2017 Dunkirk $549,136,737
26%
2013 Gravity $723,753,370
25%
2001 Ocean's Eleven $450,717,150
25%
2014 The Lego Movie $470,759,687
25%
1999 The Matrix $473,328,167
25%
2003 The Matrix Reloaded $741,847,937
25%
2003 The Matrix Revolutions $427,344,325
25%
2009 2012 $791,217,826
24%
2014 How to Train Your Dragon 2 $621,537,519
24%
2019 How to Train Your Dragon: The Hidden World $539,987,993
24%
2012 Wreck-It Ralph $471,222,906
24%
2016 Fantastic Beasts and Where to Find Them $816,037,575
23%
2018 Fantastic Beasts: The Crimes of Grindelwald $655,755,901
23%
2022 Fantastic Beasts: The Secrets of Dumbledore $407,150,844
23%
2021 Sing 2 $408,402,685
23%
2008 Mamma Mia! $615,015,484
22%
2023 Meg 2: The Trench $398,500,317
22%
2016 Sing $634,338,409
22%
2018 The Meg $529,338,515
22%
2015 The Revenant $532,950,503
22%
2013 Man of Steel $670,145,518
21%
2025 Zootopia 2 $1,658,165,327
21%
2011 Puss in Boots $554,987,477
20%
2022 Puss in Boots: The Last Wish $480,466,413
20%
2008 Quantum of Solace $589,593,688
20%
1999 The Mummy $417,643,286
20%
2017 The Mummy $409,231,607
20%
2008 The Mummy: Tomb of the Dragon Emperor $403,449,830
20%
2006 Night at the Museum $574,482,479
19%
2009 Night at the Museum: Battle of the Smithsonian $413,106,170
19%
2022 Sonic the Hedgehog 2 $405,421,518
19%
2024 Sonic the Hedgehog 3 $492,162,604
19%
2005 War of the Worlds $603,873,504
19%
2019 1917 $446,064,352
18%
2000 Cast Away $429,632,142
18%
2005 Charlie and the Chocolate Factory $474,968,763
18%
2015 Hotel Transylvania 2 $475,186,976
18%
2018 Hotel Transylvania 3: Summer Vacation $541,504,608
18%
2014 Maleficent $759,853,685
18%
2019 Maleficent: Mistress of Evil $491,730,089
18%
2018 Mamma Mia! Here We Go Again $395,607,854
18%
2013 The Wolf of Wall Street $407,039,432
18%
1998 Armageddon $553,712,773
17%
2014 Big Hero 6 $672,107,599
17%
2011 Rio $483,866,772
17%
1973 The Exorcist $430,872,776
17%
1999 The Sixth Sense $672,806,432
17%
2009 The Hangover $469,328,922
16%
2011 The Hangover Part II $586,764,305
16%
2016 The Secret Life of Pets $875,698,161
16%
2019 The Secret Life of Pets 2 $431,164,459
16%
2011 The Smurfs $563,892,376
16%
1996 Twister $494,580,615
16%
1978 Grease $396,271,103
15%
1990 Pretty Woman $463,406,268
15%
2018 The Grinch $552,976,825
15%
2010 Tron: Legacy $400,070,675
15%
2020 Bad Boys for Life $426,505,244
14%
2024 Bad Boys: Ride or Die $404,550,184
14%
2015 Fifty Shades of Grey $569,651,467
14%
2019 Pokémon: Detective Pikachu $450,063,166
14%
1999 Tarzan $448,192,603
14%
2006 The Da Vinci Code $801,349,858
14%
2004 The Day After Tomorrow $552,639,571
14%
2023 Wonka $634,502,312
14%
2007 300 $456,082,343
13%
2018 A Star Is Born $439,943,006
13%
1990 Dances with Wolves $424,208,848
13%
2020 Demon Slayer: Kimetsu no Yaiba - The Movie: Mugen Train $486,451,200
13%
2013 World War Z $540,455,876
13%
2024 Beetlejuice Beetlejuice $452,000,435
12%
2012 Les Misérables $442,757,529
12%
2018 Ready Player One $607,874,422
12%
2009 Sherlock Holmes $524,028,679
12%
2011 Sherlock Holmes: A Game of Shadows $543,848,418
12%
1980 Ted $550,016,086
12%
2017 The Boss Baby $527,965,936
12%
2005 The Chronicles of Narnia: The Lion, the Witch and the Wardrobe $745,013,115
12%
2001 The Mummy Returns $443,284,916
12%
2014 Dawn of the Planet of the Apes $710,644,566
11%
2007 I Am Legend $585,410,052
11%
2017 Kingsman: The Golden Circle $410,902,662
11%
2015 Kingsman: The Secret Service $414,351,546
11%
2018 Ralph Breaks the Internet $529,323,962
11%
2011 Rise of the Planet of the Apes $481,800,873
11%
2002 Signs $408,247,917
11%
2008 The Chronicles of Narnia: Prince Caspian $419,665,568
11%
2004 The Passion of the Christ $610,063,438
11%
2022 Black Adam $393,452,111
10%
2018 Bumblebee $467,989,645
10%
2016 Jason Bourne $415,484,914
10%
2012 Life of Pi $609,016,565
10%
1993 Mrs. Doubtfire $441,286,195
10%
2012 Prometheus $403,354,469
10%
2014 American Sniper $547,659,020
9%
2003 Bruce Almighty $484,592,874
9%
2023 Elemental $496,444,308
9%
2008 Hancock $629,443,428
9%
2005 Mr. & Mrs. Smith $487,287,646
9%
2013 Pacific Rim $411,002,906
9%
2001 Pearl Harbor $449,220,945
9%
1992 The Bodyguard $411,046,449
9%
2010 The Chronicles of Narnia: The Voyage of the Dawn Treader $415,686,217
9%
2010 The King's Speech $414,245,125
9%
2017 War for the Planet of the Apes $490,719,763
9%
2002 Die Another Day $431,971,781
8%
2004 Meet the Fockers $522,657,936
8%
2015 San Andreas $474,609,154
8%
2014 Teenage Mutant Ninja Turtles $485,004,754
8%
2007 The Bourne Ultimatum $442,824,138
8%
2025 The Fantastic Four: First Steps $521,858,728
8%
2017 The Greatest Showman $471,871,490
8%
2004 Troy $497,409,852
8%
2009 Angels & Demons $485,930,816
7%
2022 Uncharted $407,141,258
7%
2009 Alvin and the Chipmunks: The Squeakquel $443,140,005
6%
2018 Detective Chinatown 2 $544,185,156
6%
2021 Hi, Mom $822,009,764
6%
2024 Kingdom of the Planet of the Apes $397,378,150
6%
2014 Lucy $469,058,574
6%
2007 National Treasure: Book of Secrets $459,242,249
6%
2013 The Croods $587,266,745
6%
2007 The Simpsons Movie $536,414,293
6%
2025 Wicked: For Good $523,122,130
6%
2019 Alita: Battle Angel $404,980,543
5%
2021 F9: The Fast Saga $726,225,471
5%
2008 Sex and the City $418,769,972
5%
2011 The Intouchables $426,590,315
5%
2016 The Mermaid $553,810,228
5%
2019 The Wandering Earth $699,992,512
5%
2016 Warcraft $439,048,914
5%
2010 Clash of the Titans $493,214,993
4%
2025 F1: The Movie $631,742,436
4%
2018 Rampage $428,128,399
4%
2021 The Battle at Lake Changjin $902,548,476
4%
2023 The Wandering Earth ll $615,023,132
4%
2017 Wolf Warrior 2 $870,325,439
4%
2011 Mission: Impossible - Ghost Protocol $694,713,380
3%
2016 Your Name. $405,340,703
3%
2025 Detective Chinatown 1900 $500,282,092
2%
2021 Detective Chinatown 3 $686,257,563
2%
2018 Operation Red Sea $579,330,426
2%
2020 The Eight Hundred $461,421,559
2%
2025 Mission: Impossible - The Final Reckoning $598,767,057
1%
2019 My People, My Country $450,064,993
1%
2020 My People, My Homeland $422,390,820
1%
2025 The Conjuring: Last Rites $494,656,445
1%
2003 The Last Samurai $454,627,263
1%
2022 Water Gate Bridge $626,571,697
1%
2024 Yolo $433,606,094
1%
2025 Dead to Rights $422,785,908
0%
2025 Demon Slayer: Kimetsu no Yaiba Infinity Castle $723,193,711
0%
2018 Dying to Survive $451,183,391
0%
2023 Full River Red $670,491,959
0%
2023 Lost in the Stars $487,637,474
0%
2022 Moon Man $460,237,662
0%
2023 No More Bets $532,600,264
0%
2024 Pegasus 2 $422,878,491
0%
2024 Successor $422,307,398
0%
No matching quizzes found
Score Distribution
Percent of People with Each Score
Percentile by Number Answered
Your Score History
You have not taken this quiz since the last reset